000
00293nam a22001337a 4500
003
SGT
082
_a
923.154
_b
P47B
100
_a
BRIGHT, J.S.
245
_a
PRESIDENT KRIPLANI AND HIS IDEAS
260
_b
INDIAN PRINTING WORKS
_c
1947
300
_a
218
650
_a
BIOGRAPHY
942
_2
ddc
_c
BK
999
_c
28657
_d
28657